Eikon : Boy+Boy n° 6 /

Gespeichert in:
Bibliographische Detailangaben
1. Verfasser: Dany&Dany
Format: Schriftenreihe
Sprache:Englisch
Veröffentlicht: Milano Echo Communication 2003
Schriftenreihe:Boy+Boy 6
Tags: Tag hinzufügen
Keine Tags, Fügen Sie das erste Tag hinzu!

MARC

LEADER 00000nas a2200000 4500
001 CDOM0000005239
003 mi
005 20251017114236.0
008 251010b |||||||| |||| 00| 0 eng d
020 |a 8873680100 
040 |c mi 
100 |a Dany&Dany 
245 1 |a Eikon :  |b Boy+Boy  |n n° 6 /  |c di Dany&Dany 
260 |a Milano  |b Echo Communication  |c 2003 
300 |a 110 p.  |c ill.  |c 21 cm. 
490 |a Boy+Boy  |v 6 
942 |2 ddc  |c CR 
952 |0 0  |1 0  |2 ddc  |4 0  |6 B_FIT02DANYEIK11  |7 0  |9 9158  |a MI  |b MI  |d 2012-06-07  |i 6446  |l 0  |o B-FIT02-DANY&-EIK11  |p CDOM6446  |r 2025-07-17 21:50:00  |w 2025-07-17  |x DONO  |y CR 
999 |c 7631  |d 7631